| 000 | 00829cab a2200265 4500 | ||
|---|---|---|---|
| 001 | ABS60129 | ||
| 008 | 090401t1999 xxu||||| |||| 00| 0 eng d | ||
| 035 | _a(Sirsi) u91433 | ||
| 041 | _aeng | ||
| 100 | _aSmithers, T. | ||
| 245 | _aUtilities and land rights | ||
| 250 | _az | ||
| 260 | _c1999 | ||
| 350 | _a0 | ||
| 490 |
_aEstates Gazette _v(9906) 13 February 1999, 172-173(2) |
||
| 520 | _aReviews the legislation affecting utility companies` rights to acquire and enter private land to install pipes and cables, etc. | ||
| 650 | _aLAND RIGHTS | ||
| 650 | _aLANDOWNERS | ||
| 650 | _aLEGISLATION | ||
| 650 | _aSTATUTORY RIGHTS | ||
| 650 | _aUTILITY COMPANIES | ||
| 690 | _aENVIRONMENTAL AND LAND CONSULTANCY-PLANNING AND DEVELOPMENT-COMPULSORY PURCHASE AND COMPENSATION | ||
| 942 | _n0 | ||
| 948 | _c18/02/1999 | ||
| 999 |
_c58043 _d58043 |
||